| 000 | 00830aam a2200289 4500 | ||
|---|---|---|---|
| 005 | 20161121113214.0 | ||
| 008 | 150320b xxu||||| |||| 00| 0 spa d | ||
| 041 | _aEspañol | ||
| 082 | _a972.866 M971L | ||
| 100 |
_aMuñóz Fonseca, Juan Rafael _928514 |
||
| 245 | _aLiberia mi homenaje a sus pobladores, a mi gente | ||
| 260 |
_aCosta Rica _bLiberia _c2010 |
||
| 300 | _a154 páginas | ||
| 650 |
_aCOSTA RICA _933066 |
||
| 650 |
_aHISTORIA _943 |
||
| 650 |
_aLIBERIA _919824 |
||
| 650 |
_aTURISMO _9894 |
||
| 650 |
_aORÍGENES _912318 |
||
| 650 |
_aCOLONIA _97602 |
||
| 650 |
_aINDEPENDENCIA _92497 |
||
| 650 |
_aLA CAMPAÑA NACIONAL NICARAGUA 1854 _928516 |
||
| 650 |
_a GUANACASTE 1930 A 1940 _928517 |
||
| 650 |
_aGUERRA CIVIL DE 1948 _928518 |
||
| 650 |
_aAGRO _928519 |
||
| 650 |
_aENERGÍA _91101 |
||
| 942 | _cBK | ||
| 999 |
_c3336 _d3336 |
||